Top 25 Dictatorships - Statistics

General Stats
  • This quiz has been taken 4,060 times
  • The average score is 14 of 25
Answer Stats
Rank Country % Correct
1 North Korea
94%
9 Iran
81%
10 Syria
74%
6 Saudi Arabia
71%
13 Democratic Republic of the Congo
66%
15 Sudan
63%
18 Yemen
63%
23 Republic of the Congo
61%
5 Burma
57%
16 Afghanistan
56%
3 Turkmenistan
56%
25 Vietnam
56%
21 Zimbabwe
56%
2 Chad
55%
12 Laos
53%
19 United Arab Emirates
52%
4 Uzbekistan
52%
17 Tajikistan
50%
24 Bahrain
46%
14 Eritrea
46%
22 Guinea
34%
20 Djibouti
33%
8 Central African Republic
30%
7 Equatorial Guinea
30%
11 Guinea-Bissau
29%
No matching quizzes found
Score Distribution
Percent of People with Each Score
Percentile by Number Answered
Your Score History
You have not taken this quiz